| 000 | 008190000a22001930004500 | ||
|---|---|---|---|
| 020 | _a987-9403-01-0 | ||
| 041 | 0 | _aSPA | |
| 082 | 0 | 4 | _aG 150.12 A951p |
| 245 | 1 | 0 | _aPsicología y religión : Tensiones y tentaciones / Cesar Roberto Avendaño Amador, Compilador ; Cesar Avandaño, Susana Gónzalez M., Irma Herrera O., Coordinadores |
| 260 | _aBuenos Aires, Argentina : Kairós | ||
| 300 | _a209 Pag. | ||
| 505 | 0 | 0 | _aAproximaciones a la historia de la psicología de la religión -- psicología y teología -- aproximaciones psicoanalíticas a la religión -- psicología y minorías religiosas -- antropología y psicología |
| 650 | 1 | 4 | _aPSICOLOGIA DE LA RELIGION |
| 001 | 1047 | ||
| 942 | _cBK | ||
| 999 |
_c32411 _d32411 |
||
| 336 |
_atexto _btxt _2rdacontent |
||
| 337 |
_2rdamedia _asin mediación _bn |
||
| 338 |
_2rdacarrier _avolumen _bnc |
||